Pensar con Bergson / (Registro nro. 61837)

Detalles MARC
000 -LEADER
campo de control de longitud fija 03842nam a2200421 i 4500
001 - NÚMERO DE CONTROL
campo de control 61837
003 - IDENTIFICADOR DE NÚMERO DE CONTROL
campo de control FINmELB
005 - FECHA Y HORA DE LA ÚLTIMA TRANSACCIÓN
campo de control 20241217142215.0
006 - CÓDIGOS DE INFORMACIÓN DE LONGITUD FIJA--CARACTERÍSTICAS DEL MATERIAL ADICIONAL
campo de control de longitud fija m o u
007 - CAMPO FIJO DE DESCRIPCIÓN FÍSICA--INFORMACIÓN GENERAL
campo de control de longitud fija cr cn|||||||||
008 - DATOS DE LONGITUD FIJA--INFORMACIÓN GENERAL
campo de control de longitud fija 220303s2021 ck ob 000 0 spa d
020 ## - NÚMERO INTERNACIONAL ESTÁNDAR DEL LIBRO
Número Internacional Estándar del Libro 978-958-789-278-9
Información calificativa (e-book)
020 ## - NÚMERO INTERNACIONAL ESTÁNDAR DEL LIBRO
ISBN cancelado o inválido 978-958-789-277-2
035 ## - NÚMERO DE CONTROL DEL SISTEMA
Número de control de sistema (OCoLC)1304900772
040 ## - FUENTE DE CATALOGACIÓN
Centro catalogador/agencia de origen FINmELB
Lengua de catalogación spa
Normas de descripción rda
Centro/agencia transcriptor FINmELB
050 #4 - SIGNATURA TOPOGRÁFICA DE LA BIBLIOTECA DEL CONGRESO
Número de clasificación B2430.F724
Número de ítem P467 2021
082 04 - NÚMERO DE LA CLASIFICACIÓN DECIMAL DEWEY
Número de clasificación 194
Información de edición 23
245 00 - MENCIÓN DEL TÍTULO
Título Pensar con Bergson /
Mención de responsabilidad, etc. Juan Manuel Ruiz Jiménez, José Joaquin Andrade, directores; Luis Antonio Cifuentes Quiñónez [y otros].
264 #1 - PRODUCCIÓN, PUBLICACIÓN, DISTRIBUCIÓN, FABRICACIÓN Y COPYRIGHT
Producción, publicación, distribución, fabricación y copyright Barranquilla, Colombia :
Nombre del de productor, editor, distribuidor, fabricante Editorial Universidad del Norte,
Fecha de producción, publicación, distribución, fabricación o copyright 2021.
300 ## - DESCRIPCIÓN FÍSICA
Extensión 1 recurso en línea (200 páginas)
336 ## - TIPO DE CONTENIDO
Término de tipo de contenido texto
Código de tipo de contenido txt
Fuente rdacontent/spa
337 ## - TIPO DE MEDIO
Nombre/término del tipo de medio computadora
Código del tipo de medio c
Fuente rdamedia/spa
338 ## - TIPO DE SOPORTE
Nombre/término del tipo de soporte recurso en línea
Código del tipo de soporte cr
Fuente rdacarrier/spa
504 ## - NOTA DE BIBLIOGRAFÍA, ETC.
Nota de bibliografía, etc. Nota Incluye referencias bibliográficas.
505 0# - NOTA DE CONTENIDO CON FORMATO
Nota de contenido con formato PÁGINA LEGAL -- CONTENIDO -- PRESENTACIÓN -- EL RESCATE DE LA EXPERIENCIA VITALISTA EN BERGSON -- ESFUERZO INTELECTUAL Y ATENCIÓN A LA VIDA EN HENRI BERGSON -- PERCEPCIÓN Y CUERPO EN BERGSON -- HEIDEGGER LECTOR DE BERGSON -- LO VIRTUAL Y LO POSIBLE: DE BERGSON A DELEUZE -- BERGSON. GESTOS DEL PENSAR-PENSAR ENTRE GESTOS -- BERGSON. LA POLÍTICA DE LA APERTURA CREATIVA -- BERGSON Y SU INFLUENCIA EN LA TEORÍA CRÍTICA DE MAX HORKHEIMER -- LOS DIRECTORES.
520 ## - RESUMEN, ETC.
Sumario, etc. El departamento de Humanidades y Filosofía de la Universidad del Norte quiere, con este libro de investigación sobre el pensamiento del filósofo francés Henri Bergson (1859-1941), conmemorar los 8 años de su muerte. Hemos considerado que este es un pretexto válido, aunque no necesario, para renovar la atención que pueda prestársele a su estupenda obra. En efecto, su filosofía es de aquellas pocas que, por su profundidad, claridad y originalidad, ameritan un constante interés. Lo cierto es que Bergson fue revolucionario por su lectura del tiempo que rescata la dimensión interna de la experiencia como acontecimiento vital de primer orden; por su capacidad de síntesis de las nociones de materia y espíritu, que inauguró una nueva filosofía de la percepción y una brillante interpretación del concepto de imagen; por su concepción de la evolución y el cambio que trazaron nuevas formas de aprehender los procesos fisiológicos; y en fin, por su vanguardista modo de entender la consciencia y la relación entre esta y el entorno. El volumen que tiene el lector entre sus manos reúne las investigaciones de 8 académicos colombianos y extranjeros en torno al pensamiento de Bergson. Este libro se divide en tres secciones temáticas: la primera se centra en los conceptos fundamentales de Bergson, en particular en los de tiempo, memoria, percepción, atención, espíritu y cuerpo; la segunda aborda la influencia y lectura del pensamiento bergsoniano que se manifiestan en algunos filósofos contemporáneos de primer orden; finalmente, la tercera sección está reservada a reflexiones sobre el pensamiento de Bergson que atañen el campo de la filosofía política y social.
588 ## - NOTA DE FUENTE DE LA DESCRIPCIÓN
Nota de fuente de la descripción Descripción basada en metadatos suministrados por el editor y otras fuentes.
590 ## - NOTA LOCAL (RLIN)
Nota local Recurso electrónico. Santa Fe, Arg.: elibro, 2022. Disponible vía World Wide Web. El acceso puede estar limitado para las bibliotecas afiliadas a elibro.
600 14 - PUNTO DE ACCESO ADICIONAL DE MATERIA--NOMBRE DE PERSONA
Nombre de persona Bergson, Henri,
Fechas asociadas al nombre 1859-1941
Subdivisión general Crítica e interpretación.
650 #0 - PUNTO DE ACCESO ADICIONAL DE MATERIA--TÉRMINO DE MATERIA
Término de materia o nombre geográfico como elemento de entrada Philosophy, French.
650 #4 - PUNTO DE ACCESO ADICIONAL DE MATERIA--TÉRMINO DE MATERIA
Término de materia o nombre geográfico como elemento de entrada Filosofía francesa
Subdivisión cronológica Siglo XX.
655 #4 - TERMINO DE INDIZACIÓN--GENERO/FORMA
Datos o término principal de género/forma Libros electrónicos.
700 1# - ENTRADA AGREGADA--NOMBRE PERSONAL
Nombre de persona Ruiz Jiménez, Juan Manuel,
Término indicativo de función/relación director.
700 1# - ENTRADA AGREGADA--NOMBRE PERSONAL
Nombre de persona Andrade, José Joaquin,
Término indicativo de función/relación director.
700 1# - ENTRADA AGREGADA--NOMBRE PERSONAL
Nombre de persona Cifuentes Quiñónez, Luis Antonio.
797 2# - PUNTO DE ACCESO ADICIONAL LOCAL--NOMBRE DE ENTIDAD CORPORATIVA (RLIN)
Nombre de entidad corporativa o nombre de jurisdicción como elemento de entrada elibro, Corp.
856 40 - LOCALIZACIÓN Y ACCESO ELECTRÓNICOS
Identificador Uniforme de Recurso <a href="https://elibro.net/ereader/politecnicointernacional/185016">https://elibro.net/ereader/politecnicointernacional/185016</a>

No hay ítems disponibles.


Politécnico Internacional

Institución de Educación Superior
Vigilado Mineducación.
SNES 4727 +4135 DEL 11 de nov. de 2004

Sedes

Sede Norte - Av. Boyacá 138 - 70

Sede Sur - Autopista Sur No 67 - 71

Sede Av Chile - Calle 73 Nº 10-45

Información Legal

Derechos Pecuniarios | Habeas Data | Reglamento Biblioteca


Compartir

YouTube | Twitter | Facebook | LinkedIn


Comunícate con nosotros:

Admisiones: 60-1-7950000
Atención al cliente: 60-1-4005700